[Event "Gipuzkoa ch"]
[Site "Donostia"]
[Date "2013.10.12"]
[Round "2"]
[White "Sanchez Ruesga, Carlos"]
[Black "Puga Senar, Fernando"]
[Result "1/2-1/2"]
[WhiteElo "1661"]
[BlackElo "1811"]

1.e4 e6 2.d4 d5 3.Nd2 c5 4.c3 Nc6 5.Ngf3 Nf6 6.e5 Nd7 7.Be2 cxd4 8.cxd4 
Be7 9.O-O O-O 10.Nb3 f6 11.exf6 Nxf6 12.Bd3 Bd7 13.Bd2 Bd6 14.Re1 Qc7 15.
Rc1 Ng4 16.g3 e5 17.dxe5 Bxe5 18.Bc3 Bxc3 19.Rxc3 Qd6 20.h3 Nce5 21.Nbd4 
Nxf3+ 22.Nxf3 Nf6 23.Kg2 Rae8 24.Rc2 Rxe1 25.Qxe1 Bc6 26.Nd4 Bd7 27.Nf5 
Qb6 28.Qe3 Qxe3 29.fxe3 Re8 30.Kf2 Ne4+ 31.Bxe4 dxe4 32.Nd6 Rf8+ 33.Ke2 
Bc6 34.b4 h6 35.Rc5 Rd8 36.Nc4 Bb5 37.Rc7 Rf8 38.Kd2 Rf2+ 39.Kc3 Bxc4 40.
Rxc4 Rf3 1/2-1/2

[Event "Gipuzkoa ch"]
[Site "Donostia"]
[Date "2013.10.12"]
[Round "2"]
[White "Kuende Gorostidi, Jon"]
[Black "Lazkano Gaite, Tomas"]
[Result "1-0"]
[WhiteElo "1799"]
[BlackElo "1704"]

1.e4 c5 2.Nf3 Nc6 3.d4 cxd4 4.Nxd4 Nf6 5.Nc3 e5 6.Ndb5 d6 7.Bg5 a6 8.Bxf6 
gxf6 9.Na3 f5 10.f3 Nd4 11.Nc4 Bh6 12.Nd5 fxe4 13.c3 exf3 14.cxd4 fxg2 15.
Bxg2 Qh4+ 16.Kf1 O-O 17.Qd3 Be6 18.Qg3+ Qxg3 19.hxg3 Bg7 20.Ne7+ Kh8 21.
Nxd6 exd4 22.Be4 f5 23.Ng6+ Kg8 24.Nxf8 Rxf8 25.Bxb7 Rd8 26.Nxf5 Bxf5 27.
Bxa6 d3 28.Rh5 Bg4 29.Bc4+ Kh8 30.Rd5 Rxd5 31.Bxd5 d2 32.Bb3 Bxb2 33.Rb1 
Bd4 34.Bd1 Bf5 35.Rb8+ Kg7 36.Ke2 Bc3 37.Rb7+ Kf6 38.Ke3 h5 39.Bxh5 Ba5 
40.Bd1 Bc3 41.a4 Kg5 42.Rb5 Kf6 43.a5 Be5 44.g4 Bd7 45.g5+ Ke6 46.Bb3+ Kf5
47.Bc2+ Ke6 48.Rb6+ Kd5 49.Rb7 Bc6 50.Rh7 Be8 51.a6 Kc5 52.Kxd2 Bf4+ 53.
Kc3 Be5+ 54.Kb3 Bc6 55.Bd3 Bd5+ 56.Kc2 Bg8 57.Rd7 Be6 58.a7 1-0

[Event "Gipuzkoa ch"]
[Site "Donostia"]
[Date "2013.10.12"]
[Round "2"]
[White "Navascues Zabaleta, Jesus"]
[Black "Parron Luceno, David"]
[Result "1-0"]
[WhiteElo "1778"]
[BlackElo "1582"]

1.e4 c6 2.d4 d6 3.Nf3 Bg4 4.Be2 g6 5.c4 Bg7 6.Be3 Qb6 7.Qd2 Nf6 8.Nc3 Qa5 
9.O-O O-O 10.h3 Bxf3 11.Bxf3 Nbd7 12.Rac1 Rfd8 13.b3 c5 14.Rfd1 cxd4 15.
Bxd4 Ne5 16.Be2 Rac8 17.f3 Nc6 18.Be3 Nh5 19.Nd5 Qxd2 20.Bxd2 e6 21.Nc3 
Ng3 22.Bd3 Nb4 23.Be1 Nxd3 24.Rxd3 Bxc3 25.Bxg3 Bb4 26.Rcd1 e5 27.Bxe5 Rc6
28.Bf4 f6 29.Bg3 Kf7 30.e5 fxe5 31.Bxe5 Ra6 32.a4 Ke6 33.Bg3 Rc6 34.Be1 
Ba3 35.Bc3 a6 36.Be1 Rd7 37.b4 Bb2 38.c5 d5 39.Bg3 a5 40.Rb3 Bf6 41.bxa5 
Rxc5 42.Rdb1 Bd4+ 43.Kf1 Rxa5 44.Rxb7 h6 45.Re1+ 1-0

[Event "Gipuzkoa ch"]
[Site "Donostia"]
[Date "2013.10.19"]
[Round "3"]
[White "Argandona Riveiro, Inigo"]
[Black "Sanchez Ruesga, Hector"]
[Result "1-0"]
[WhiteElo "2408"]
[BlackElo "2074"]

1.c4 Nf6 2.Nc3 e6 3.e4 d5 4.e5 d4 5.exf6 dxc3 6.bxc3 Qxf6 7.Nf3 b6 8.d4 
Bb7 9.Ne5 Bd6 10.Qa4+ c6 11.Nf3 h6 12.Bd3 O-O 13.c5 bxc5 14.Rb1 Qe7 15.O-O
Qc7 16.dxc5 Bxc5 17.Qe4 Rd8 18.Qh7+ Kf8 19.Qh8+ Ke7 20.Qxg7 Rxd3 21.Ne5 
Ba6 22.Qxf7+ Kd6 23.Nc4+ Bxc4 24.Bf4+ e5 25.Bxe5+ Kxe5 26.Qxc7+ Kd5 1-0

[Event "Gipuzkoa ch"]
[Site "Donostia"]
[Date "2013.10.19"]
[Round "3"]
[White "Segovia Sanchez, Antonio"]
[Black "Ros Eskisabel, Jose Ramon"]
[Result "1/2-1/2"]
[WhiteElo "2059"]
[BlackElo "2124"]

1.d4 Nf6 2.Bf4 e6 3.e3 c5 4.c3 Be7 5.Nd2 O-O 6.h3 cxd4 7.exd4 b6 8.Ngf3 
Bb7 9.Bd3 d6 10.O-O Nbd7 11.Re1 Re8 12.a4 a6 13.Qb1 Nf8 14.Ne4 Nxe4 15.
Bxe4 Bxe4 16.Qxe4 d5 17.Qe2 Ng6 18.Bg3 Qd7 19.h4 Bd6 20.Bxd6 Qxd6 21.g3 h6
22.Qd3 Ne7 23.Re2 Nc6 24.Rae1 Reb8 25.Ne5 Nxe5 26.Rxe5 b5 27.axb5 axb5 28.
f4 b4 29.f5 exf5 30.Qxf5 bxc3 31.bxc3 Rf8 32.Qf3 Rad8 33.R1e2 Qa3 34.Kg2 
Qb3 35.Re7 Rc8 36.R2e3 Rc6 37.Rxf7 Rf6 38.Rxf8+ Kxf8 39.Qe2 Qb1 40.Re7 Qf5
41.Re5 Qd7 42.Qa2 Rd6 43.Qc2 Qc6 44.Qh7 Rf6 45.Qd3 Kg8 1/2-1/2

[Event "Gipuzkoa ch"]
[Site "Donostia"]
[Date "2013.10.19"]
[Round "3"]
[White "Lakunza Oyarbide, Juan Carlos"]
[Black "Garro Beraza, Julen"]
[Result "1-0"]
[WhiteElo "2120"]
[BlackElo "1986"]

1.d4 Nf6 2.c4 g6 3.Nc3 Bg7 4.Nf3 O-O 5.Bf4 d6 6.h3 Nbd7 7.e3 b6 8.Bd3 Bb7 
9.O-O Re8 10.Bh2 e5 11.Bc2 e4 12.Nd2 a5 13.Qb1 Qe7 14.a3 d5 15.cxd5 Nxd5 
16.Nxd5 Bxd5 17.Bxc7 g5 18.Qd1 b5 19.Bb3 Bb7 20.Rc1 a4 21.Ba2 Ra6 22.Qe2 
Rg6 23.Bg3 g4 24.Rc7 Ba6 25.hxg4 Bf6 26.Rfc1 Bh4 27.Nxe4 b4 28.Qf3 b3 29.
Bxh4 Qxh4 30.Rxd7 Kh8 31.Bb1 Reg8 32.Qh3 Qxg4 33.Qxg4 Rxg4 34.g3 Rh4 35.
Rxf7 1-0

[Event "Gipuzkoa ch"]
[Site "Donostia"]
[Date "2013.10.19"]
[Round "3"]
[White "Cantabrana Garona, Alejandro"]
[Black "Guijarro Galan, Jose Luis"]
[Result "0-1"]
[WhiteElo "1789"]
[BlackElo "2178"]

1.d4 e6 2.Nf3 d5 3.e3 f5 4.g3 Nf6 5.Bg2 Bd6 6.O-O O-O 7.Nbd2 Nbd7 8.c4 c6 
9.cxd5 exd5 10.b3 Ne4 11.Bb2 Qe7 12.Re1 a5 13.a4 Bb4 14.Qc2 g5 15.Rf1 g4 
16.Nxe4 gxf3 0-1

[Event "Gipuzkoa ch"]
[Site "Donostia"]
[Date "2013.10.19"]
[Round "3"]
[White "Fernandez Del Pozo, Anibal"]
[Black "Perez Cela, David"]
[Result "0-1"]
[WhiteElo "1853"]
[BlackElo "2036"]

1.c4 e5 2.Nc3 Nc6 3.g3 f5 4.Bg2 Nf6 5.d3 Bb4 6.Bd2 O-O 7.Nd5 Bxd2+ 8.Qxd2 
d6 9.e3 Be6 10.Ne2 Qd7 11.f4 Ne8 12.O-O Nd8 13.fxe5 dxe5 14.Qb4 Rf7 15.
Rad1 c6 16.Ndc3 a5 17.Qb3 Nd6 18.Na4 Qe7 19.Qc2 Rc8 20.c5 Ne8 21.Nb6 Rc7 
22.Qc3 Nf6 23.d4 e4 24.Qxa5 Ng4 25.Qc3 g5 26.h3 Nf6 27.Rf2 Nd5 28.Nxd5 
cxd5 29.Rdf1 Qe8 30.Qa5 Rc6 31.Nc3 Ra6 32.Qb4 Nc6 33.Qb3 Na5 34.Qd1 Qb8 
35.Kh2 Kg7 36.Qh5 h6 37.b3 Nc6 38.Bxe4 dxe4 39.Nxe4 Ne7 40.Nc3 Nd5 41.Nxd5
Bxd5 42.Qe2 Raf6 43.Qd2 Kg6 44.e4 fxe4 45.Rxf6+ Rxf6 46.Rxf6+ Kxf6 47.Qa5 
Qe8 48.Qb6+ Qe6 49.Qd8+ Kg7 50.Qc7+ Kg6 51.Qd6 Qxd6 52.cxd6 Kf6 53.Kg1 Ke6
54.Kf2 Kxd6 55.Ke3 Bc6 56.b4 Kd5 57.a3 Bd7 58.h4 Ba4 59.hxg5 hxg5 0-1

[Event "Gipuzkoa ch"]
[Site "Donostia"]
[Date "2013.10.19"]
[Round "3"]
[White "Fernandez Zubitur, Jokin"]
[Black "Cejudo Urdampilleta, Jose Manu"]
[Result "1/2-1/2"]
[WhiteElo "1983"]
[BlackElo "1922"]

1.e4 e6 2.d4 d5 3.exd5 exd5 4.Bd3 Nc6 5.c3 Bd6 6.Nf3 Nge7 7.O-O Bg4 8.b4 
a6 9.Nbd2 Qd7 10.a4 Bf5 11.Bxf5 Qxf5 12.Re1 O-O 13.Nf1 Nd8 14.Bg5 f6 15.
Bh4 c6 16.Bg3 Qd7 17.Ra2 Nf5 18.Rae2 Nf7 19.Qd3 g6 20.Nh4 Nxg3 21.Nxg3 
Bxg3 22.hxg3 Rfe8 23.Nf3 Nd6 24.Nd2 Rxe2 25.Rxe2 Re8 26.f3 Re7 27.Kf2 Kf7 
28.Nb3 Rxe2+ 29.Qxe2 Qf5 30.Nc5 b6 31.g4 Qc8 32.Nxa6 h5 33.gxh5 gxh5 34.
Qd3 Kg7 35.b5 cxb5 36.axb5 Qd7 37.Nb8 Qxb5 38.Qxb5 Nxb5 39.Nd7 Nxc3 40.
Nxb6 Kf7 41.Ke3 Ke6 42.Kd3 Nb5 1/2-1/2

[Event "Gipuzkoa ch"]
[Site "Donostia"]
[Date "2013.10.19"]
[Round "3"]
[White "Alcaide Luque, Aitor"]
[Black "Kuende Gorostidi, Jon"]
[Result "1-0"]
[WhiteElo "2164"]
[BlackElo "1799"]

1.d4 f5 2.g3 e6 3.Bg2 Nf6 4.Nf3 d5 5.O-O Be7 6.c4 c6 7.b3 O-O 8.Qc2 Na6 9.
Bb2 Nb4 10.Qc1 Ne4 11.a3 Na6 12.Nbd2 f4 13.Nxe4 dxe4 14.Ne5 Bg5 15.Bxe4 
fxg3 16.Qc2 gxh2+ 17.Kh1 Rf5 18.f4 Bh6 19.e3 Qh4 20.Bxf5 exf5 21.Qxh2 
Qxh2+ 22.Kxh2 Be6 23.Rg1 Rd8 24.Bc3 Rd6 25.a4 Nc7 26.Bb4 Rd8 27.Be7 Rc8 
28.Rad1 Ne8 29.d5 cxd5 30.cxd5 Bf7 31.d6 1-0

[Event "Gipuzkoa ch"]
[Site "Donostia"]
[Date "2013.10.19"]
[Round "3"]
[White "Goni Garmendia, Aitor"]
[Black "Galarza Cenzano, Inigo"]
[Result "0-1"]
[WhiteElo "1769"]
[BlackElo "2034"]

1.e4 d5 2.exd5 Qxd5 3.Nc3 Qa5 4.d4 Nf6 5.Bd2 c6 6.Bd3 Bg4 7.Ne4 Bxd1 8.
Nxf6+ gxf6 9.Bxa5 Bh5 10.Ne2 e6 11.O-O-O Nd7 12.c4 Bh6+ 13.Kb1 Rg8 14.Rhg1
f5 15.f3 Be3 16.Ng3 Bxg1 17.Rxg1 Bg6 18.f4 b6 19.Bc3 O-O-O 20.Kc2 Nf6 21.
d5 Ng4 22.c5 Rxd5 23.Ba6+ Kc7 24.h3 Ne3+ 25.Kb3 bxc5 26.Ba5+ Kd7 27.Bc3 
Rb8+ 28.Ka3 Rb6 29.Be2 Nc2+ 30.Ka4 Rd4+ 31.Ka5 Rxf4 32.Rd1+ Rd4 33.Bxd4 
cxd4 34.b3 f4 35.Nh5 e5 36.Nf6+ Ke7 37.Ng8+ Kd6 38.Nf6 e4 39.Bg4 d3 40.h4 
Ne3 41.h5 Bxh5 42.Nxe4+ Ke5 43.Rxd3 Kxe4 0-1

[Event "Gipuzkoa ch"]
[Site "Donostia"]
[Date "2013.10.19"]
[Round "3"]
[White "Aizpurua Zufiria, Inaki"]
[Black "Nogues Fernandez, Ramon"]
[Result "0-1"]
[WhiteElo "1564"]
[BlackElo "1934"]

1.e4 c5 2.Nf3 g6 3.d4 cxd4 4.Nxd4 Bg7 5.Bc4 Nc6 6.Be3 Nf6 7.Nc3 Qa5 8.O-O 
O-O 9.a3 d6 10.b4 Qd8 11.f3 Bd7 12.Nce2 Rc8 13.Bb3 Ne5 14.Rc1 Nc4 15.Bxc4 
Rxc4 16.c3 e5 17.Nb3 Ba4 18.Rb1 d5 19.exd5 Nxd5 20.Qd2 Nxe3 21.Qxe3 b6 22.
Nd2 Rc7 23.Ne4 Qh4 24.Qg5 Qxg5 25.Nxg5 h6 26.Ne4 f5 27.Nd2 Rd8 28.Rb2 Bb5 
29.Rf2 Bxe2 30.Rxe2 Rxc3 31.Kf2 Rxa3 32.Nc4 Rad3 33.Nxe5 Bxe5 34.Rxe5 Rd2+
35.Re2 Rxb2 36.Rxb2 Kf7 37.Ke3 Ke6 38.g3 a5 39.bxa5 bxa5 40.Rb6+ Rd6 41.
Rb8 Ra6 42.Kd4 a4 43.Kc3 a3 44.Re8+ Kd7 45.Re1 a2 46.Ra1 Kc6 47.Kb3 Kb5 
48.Rxa2 Rxa2 49.Kxa2 Kc4 50.f4 Kd3 51.Kb3 Ke3 52.Kc3 Kf3 53.Kd4 Kg2 54.Ke5
Kxh2 55.Kf6 Kxg3 56.Kxg6 Kxf4 57.Kxh6 Kg3 0-1

[Event "Gipuzkoa ch"]
[Site "Donostia"]
[Date "2013.10.19"]
[Round "3"]
[White "Izagirre Alsua, Aritz"]
[Black "Navascues Zabaleta, Jesus"]
[Result "1-0"]
[WhiteElo "1925"]
[BlackElo "1778"]

1.e4 c5 2.Nc3 Nc6 3.g3 g6 4.Bg2 Bg7 5.d3 d6 6.Be3 e6 7.Qd2 Nge7 8.f4 O-O 
9.Nf3 Nd4 10.O-O Qb6 11.Nd1 Nec6 12.Ne1 Na5 13.Rb1 Qd8 14.c3 Nb5 15.f5 
exf5 16.Bh6 Nc6 17.Bxg7 Kxg7 18.Ne3 fxe4 19.dxe4 Be6 20.b3 Ne5 21.h3 Qe7 
22.Nd3 Rad8 23.Nf4 Nc7 24.Rf2 b6 25.Rbf1 f6 26.Kh2 Nd7 27.Nxe6+ Qxe6 28.
Ng4 Ne8 29.Qh6+ Kg8 30.Qd2 Ne5 31.Ne3 Nc7 32.Rf4 g5 33.Rf5 Kg7 34.h4 h6 
35.Bh3 Qe7 36.R5f2 Kh7 37.Bf5+ Kg7 38.Qe2 Qf7 39.Bh3 Ne8 40.hxg5 hxg5 41.
Nf5+ Kg6 42.Kg2 Rh8 43.Rh1 Ng7 44.Ne3 Ne8 45.Bf5+ Kg7 46.Rxh8 Kxh8 47.Kg1 
Ng7 48.Rh2+ Kg8 49.Bh7+ Kf8 50.Nf5 g4 51.Rh1 d5 52.Nh6 Qe7 53.Nf5 Nxf5 54.
Bxf5 Nf3+ 55.Kg2 dxe4 56.Rh8+ Kf7 57.Rh7+ Kf8 58.Rxe7 Rd2 59.Rxe4 1-0

[Event "Gipuzkoa ch"]
[Site "Donostia"]
[Date "2013.10.19"]
[Round "3"]
[White "Galarraga Lasa, Jon Gurutz"]
[Black "Elduayen Echave, Ramon"]
[Result "1-0"]
[WhiteElo "1914"]
[BlackElo "1704"]

1.d4 d6 2.c4 e5 3.Nc3 Nd7 4.Nf3 Ngf6 5.Bg5 Be7 6.e3 c6 7.Be2 O-O 8.O-O Qc7
9.Rc1 Re8 10.Qc2 Nf8 11.Rfd1 h6 12.Bxf6 Bxf6 13.d5 c5 14.h3 a6 15.a3 Ng6 
16.b4 b6 17.Bd3 Nf8 18.Nd2 Bd7 19.Bf5 Qc8 20.Bxd7 Qxd7 21.Rb1 Reb8 22.bxc5
bxc5 23.Rxb8 Rxb8 24.Rb1 Rxb1+ 25.Qxb1 Qc7 26.Qb3 Nd7 27.Qa4 Qc8 28.Qc6 
Qxc6 29.dxc6 Nb6 30.c7 Nc8 31.Nd5 Be7 32.Nb3 Kf8 33.Na5 Ke8 34.Nc6 Bf6 35.
a4 e4 36.a5 Bb2 37.Nb8 Bc1 38.Nb6 Ne7 39.c8=Q+ Nxc8 40.Nxc8 Kd8 41.Nxd6 
Kc7 42.Nxe4 Kxb8 43.Nxc5 Ka7 44.Kf1 Bd2 45.Nb3 Bb4 46.Ke2 Kb7 47.Kd3 Kc6 
48.Kd4 Kd6 49.e4 Kc6 50.f4 Be1 51.e5 Bf2+ 52.Ke4 Kd7 53.g4 g5 54.f5 Kc6 
55.e6 f6 56.Nd4+ Kd6 57.c5+ Kc7 58.Kd5 Be1 59.c6 Bb4 60.Nb3 Kd8 61.Nc5 1-0

[Event "Gipuzkoa ch"]
[Site "Donostia"]
[Date "2013.10.19"]
[Round "3"]
[White "Rodriguez Cabrera, Fco. Javier"]
[Black "Aparicio Mola, Luis"]
[Result "1/2-1/2"]
[WhiteElo "1902"]
[BlackElo "1537"]

1.e4 e6 2.d4 d5 3.Nc3 Nf6 4.e5 Nfd7 5.f4 c5 6.Nf3 Nc6 7.Be3 cxd4 8.Nxd4 
Bc5 9.Qd2 Qb6 10.Na4 Qb4 11.Nxc5 Qxd2+ 12.Kxd2 Nxc5 13.c3 a6 14.Kc2 Nxd4+ 
15.Bxd4 Ne4 16.a4 Bd7 17.b4 Ke7 18.Bd3 f5 19.exf6+ gxf6 20.Bxe4 dxe4 21.
Kd2 Rhg8 22.g3 Bc6 23.Ke3 f5 24.c4 b5 25.axb5 axb5 26.cxb5 Bxb5 27.Ra5 
Rgc8 28.Rha1 Bc6 29.Ra7+ Kd6 30.Rxh7 Rxa1 31.Bxa1 Ra8 32.Bd4 Ra3+ 33.Kf2 
Rf3+ 34.Ke1 Rb3 35.Bc5+ Kd5 36.Rh8 e3 37.Rd8+ Ke4 38.h4 Rb1+ 39.Rd1 Rxd1+ 
40.Kxd1 Be8 41.Ke2 Bh5+ 42.Ke1 Be8 1/2-1/2

[Event "Gipuzkoa ch"]
[Site "Donostia"]
[Date "2013.10.19"]
[Round "3"]
[White "Mendia Rezola, Jokin"]
[Black "Izquierdo Arruferia, Joseba"]
[Result "1-0"]
[WhiteElo "1713"]
[BlackElo "1878"]

1.e4 e6 2.d4 d5 3.e5 c5 4.c3 Nc6 5.Nf3 Qb6 6.a3 a5 7.Bd3 Bd7 8.Bc2 Rc8 9.
O-O cxd4 10.cxd4 Nge7 11.Nc3 Na7 12.Ng5 h6 13.Nh7 Nb5 14.Nxf8 Kxf8 15.Nxb5
Bxb5 16.Re1 Qc6 17.Bb1 Ba4 18.Qd2 b6 19.g4 Qc4 20.Qd3 Bb3 21.Be3 Nc6 22.
Rc1 Qxd3 23.Bxd3 Ke7 24.Rc3 Bc4 25.Bxc4 dxc4 26.Rxc4 Kd7 27.Rac1 Ne7 28.
Kf1 Rxc4 29.Rxc4 Rc8 30.b3 Rc6 31.Ke2 Nd5 32.Bd2 Ne7 33.Kd3 Nd5 34.f4 Ne7 
35.Ke4 Nd5 36.f5 Rc7 37.Rxc7+ Kxc7 38.h4 Kd7 39.f6 gxf6 40.Bxh6 fxe5 41.
dxe5 Ke8 42.Bg7 Nc3+ 43.Kd3 Nd1 44.Ke2 Nc3+ 45.Kf3 f5 46.exf6 Kf7 47.h5 
Nb1 48.g5 Nd2+ 49.Ke3 Nf1+ 50.Kf2 Nh2 51.g6+ Kg8 52.Kg3 Nf1+ 53.Kf4 1-0

[Event "Gipuzkoa ch"]
[Site "Donostia"]
[Date "2013.10.19"]
[Round "3"]
[White "Fuente San Sebastian, Ernesto"]
[Black "Sanchez Ruesga, Carlos"]
[Result "0-1"]
[WhiteElo "1866"]
[BlackElo "1661"]

1.c4 e5 2.Nc3 Nc6 3.e3 f5 4.d4 d6 5.d5 Nce7 6.e4 fxe4 7.Nxe4 Nf5 8.Bd3 Nf6
9.Nf3 h6 10.Qc2 Nxe4 11.Bxe4 Qf6 12.g4 Nh4 13.Nxh4 Qxh4 14.h3 Be7 15.Be3 
O-O 16.O-O-O Bg5 17.Rdf1 Bd7 18.Qd2 Bxe3 19.Qxe3 Rf4 20.f3 Qg5 21.Kc2 Qh4 
22.b3 c6 23.Kc3 Kf8 24.a3 cxd5 25.Bxd5 Bc6 26.Qd3 Qf6 27.Kc2 Rd4 28.Qh7 
Bxd5 29.cxd5 Rc8+ 30.Kb1 Kf7 31.g5 hxg5 32.h4 Qg6+ 33.Qxg6+ Kxg6 34.hxg5 
Kxg5 35.Rfg1+ Kf6 36.Rh7 Rg8 37.Rc1 Rxd5 38.Rc7 Rb5 39.Kb2 a5 40.Rd7 Rb6 
41.Kc3 Rc6+ 42.Kd3 b6 43.Rh1 g5 44.Rh6+ Rg6 45.Rhh7 Kf5 46.Rh8 Rf6 47.Rh5 
Kf4 48.Rh1 Rf5 49.Rh6 Kxf3 50.Rdxd6 Rxd6+ 51.Rxd6 g4 52.Kc4 g3 53.Rd3+ Kf2
54.Rd2+ Kg1 55.Kd5 g2 56.Ke4 Rf2 57.Rd6 Kh2 58.Rh6+ Kg1 59.Rd6 Rb2 60.Rxb6
Kf1 61.Rf6+ Rf2 62.Rc6 g1=Q 0-1

[Event "Gipuzkoa ch"]
[Site "Donostia"]
[Date "2013.10.19"]
[Round "3"]
[White "Puga Senar, Fernando"]
[Black "Tung, Siu Hung"]
[Result "0-1"]
[WhiteElo "1811"]
[BlackElo "1850"]

1.d4 Nf6 2.c4 c6 3.Nc3 d5 4.cxd5 cxd5 5.Bf4 Nc6 6.e3 g6 7.Bb5 Bg7 8.Nf3 
O-O 9.Bxc6 bxc6 10.Ne5 Qb6 11.Qc1 Ba6 12.f3 c5 13.Qd2 Rfd8 14.Na4 Qb5 15.
Nxc5 Nh5 16.Bg3 Nxg3 17.hxg3 Bxe5 18.f4 Bc7 19.Kf2 Ba5 20.Qc2 Bc8 21.b3 
Bf5 22.Qd1 h5 23.Rxh5 Kg7 24.Rxf5 Rh8 25.Rxd5 Qc6 26.Qf3 Rac8 27.Rd7 Qf6 
28.Qe4 Rxc5 29.dxc5 Qxa1 30.Qxe7 Qxa2+ 31.Kf3 Qxb3 32.Qe5+ Kh7 33.Qf6 Rf8 
34.f5 Kg8 35.fxg6 Qc4 36.g7 Qf1+ 0-1

[Event "Gipuzkoa ch"]
[Site "Donostia"]
[Date "2013.10.19"]
[Round "3"]
[White "Iglesias Gonzalez, Veronica"]
[Black "Alvarado Fernandez, Mikel"]
[Result "0-1"]
[WhiteElo "1760"]
[BlackElo "1961"]

1.d4 d5 2.Nf3 Nf6 3.Bf4 c6 4.e3 Bg4 5.Nbd2 Nbd7 6.Bd3 e6 7.h3 Bh5 8.Qe2 
Be7 9.O-O-O O-O 10.g4 Bg6 11.Ng5 c5 12.Bxg6 hxg6 13.h4 Qa5 14.Kb1 cxd4 15.
exd4 Qb6 16.Nb3 a5 17.Rd3 a4 18.Nd2 Rfc8 19.h5 gxh5 20.gxh5 a3 21.b3 Qc6 
22.c3 Qb5 23.c4 dxc4 24.Rdh3 Qf5+ 25.Nge4 Qxf4 26.h6 g6 27.h7+ Kh8 28.Rf3 
Nxe4 29.Nxe4 Qg4 30.Nc5 Nxc5 31.dxc5 Bf6 32.Qe3 Qd4 33.Qxd4 Bxd4 34.Rxf7 
cxb3 35.Rg1 bxa2+ 36.Kxa2 Rxc5 0-1

[Event "Gipuzkoa ch"]
[Site "Donostia"]
[Date "2013.10.19"]
[Round "3"]
[White "Lazkano Gaite, Tomas"]
[Black "Zubia Aramburu, Mikel"]
[Result "1-0"]
[WhiteElo "1704"]
[BlackElo "1820"]

1.d4 d5 2.Nf3 Nf6 3.Bg5 Nbd7 4.c4 c6 5.Nc3 Qa5 6.e3 Ne4 7.Bf4 Nxc3 8.Qd2 
e6 9.bxc3 Be7 10.Bd3 dxc4 11.Bxc4 c5 12.O-O O-O 13.Qc2 g6 14.e4 b5 15.Be2 
Bb7 16.Rab1 a6 17.Rfd1 c4 18.Bxc4 Nf6 19.Bd3 Rac8 20.a4 Qxc3 21.Qxc3 Rxc3 
22.axb5 axb5 23.e5 Nh5 24.Bh6 Rd8 25.Bxb5 Bxf3 26.gxf3 Rxf3 27.Bc6 Rc3 28.
Bg2 Ng7 29.d5 exd5 30.Rxd5 Rdc8 31.Rd7 Nf5 32.Bd2 R3c5 33.f4 R5c7 34.Rb7 
Rxb7 35.Rxb7 Rd8 36.Bb4 Rd1+ 37.Kf2 Bxb4 38.Rxb4 Rd2+ 39.Kg1 Ne3 40.Bf3 
Nf5 41.Rb7 Nd4 42.Be4 Ne6 43.f5 gxf5 44.Bxf5 Nf4 45.Bxh7+ Kg7 46.Bf5 Re2 
47.Rb4 Ne6 48.Re4 Ra2 49.Bg4 Ng5 50.Re3 Ra1+ 51.Kg2 Ra4 52.Bd7 Ra2+ 53.Kg3
Ra1 54.Kg4 Kh6 55.Re2 Rg1+ 56.Kf4 Rf1+ 57.Kg3 Rg1+ 58.Rg2 Rd1 59.Bg4 Re1 
60.Be2 Ne4+ 61.Kf4 Nc3 62.Bf3 Rf1 63.Rd2 Kg6 64.Rd3 Ne2+ 65.Ke3 Ng1 66.
Be4+ Kg5 67.Kd4 Kf4 68.Rd2 Ra1 69.Rf2+ Kg4 70.Rxf7 Ne2+ 71.Ke3 Nc3 72.Rg7+
Kh5 73.Rh7+ Kg5 74.h4+ Kg4 75.Bf3+ Kf5 76.Rh5+ Ke6 77.Bg4+ Kd5 78.e6+ Kd6 
79.Kf4 Nd5+ 80.Kg5 Ne7 81.Kf6 Rg1 82.Rg5 Rf1+ 83.Bf5 Ra1 84.Rg7 Nxf5 85.
Rd7+ Kc5 86.Kxf5 Rf1+ 87.Kg6 Re1 88.Kf7 Rf1+ 89.Ke8 Rg1 90.Rf7 Ra1 91.Kf8 
Kd6 92.e7 1-0

[Event "Gipuzkoa ch"]
[Site "Donostia"]
[Date "2013.10.19"]
[Round "3"]
[White "Ezkerro Hernandez, Pablo"]
[Black "Burgana Lardizabal, Jose Angel"]
[Result "0-1"]
[WhiteElo "1772"]
[BlackElo "1769"]

1.e4 c5 2.Nf3 d6 3.d4 cxd4 4.Nxd4 Nf6 5.Nc3 a6 6.f3 e5 7.Nb3 Be6 8.Be3 Be7
9.Qd2 Nbd7 10.O-O-O b5 11.g4 h6 12.h4 Nb6 13.Bd3 Qc7 14.Kb1 Nc4 15.Bxc4 
Bxc4 16.g5 Nd7 17.Nd5 Bxd5 18.Qxd5 Rc8 19.c3 Nb6 20.Qd3 Nc4 21.f4 a5 22.f5
a4 23.Nd2 Nxe3 24.Qxe3 Qc5 25.Qf3 hxg5 26.hxg5 Rxh1 27.Rxh1 Bxg5 28.f6 
gxf6 29.Qg4 Ke7 30.Nf3 Rg8 31.Nh4 Kd8 32.Nf5 Kc7 33.Ne7 Rd8 34.Rh7 Qc4 35.
Nd5+ Kb8 36.Qg1 Qxe4+ 37.Ka1 Qxd5 38.Qb6+ Kc8 0-1

[Event "Gipuzkoa ch"]
[Site "Donostia"]
[Date "2013.10.26"]
[Round "4"]
[White "Ros Eskisabel, Jose Ramon"]
[Black "Argandona Riveiro, Inigo"]
[Result "0-1"]
[WhiteElo "2124"]
[BlackElo "2408"]

1.d4 Nf6 2.c4 e5 3.dxe5 Ng4 4.Bf4 Nc6 5.Nf3 Bb4+ 6.Nbd2 Qe7 7.e3 Ngxe5 8.
Nxe5 Nxe5 9.Be2 b6 10.O-O Bxd2 11.Qxd2 O-O 12.Qd5 Nc6 13.Bxc7 Qe6 14.Rfd1 
Qxd5 15.Rxd5 Re8 16.Bf3 g6 17.Rad1 Re6 18.b3 Kf8 19.Bg4 f5 20.Bf3 Ke8 21.
R5d2 Re7 22.Bd6 Rg7 23.h4 Bb7 24.Bd5 h6 25.e4 f4 26.Bxf4 g5 27.hxg5 hxg5 
28.Bc7 Rc8 29.Bd6 Rg6 30.e5 Nd8 31.g3 Bxd5 32.Rxd5 g4 33.Kg2 Nf7 34.R1d4 
Rc6 35.Kf1 Rg5 36.Bb8 Rc8 37.Bxa7 Nxe5 38.Re4 d6 39.Rxd6 Kf7 40.Rd5 Rc5 
41.Rxc5 bxc5 42.Bxc5 Nf3 43.Be3 Rg8 44.Bc5 Nd2+ 45.Ke2 Nxe4 46.Be3 Rd8 47.
c5 Nc3+ 0-1

[Event "Gipuzkoa ch"]
[Site "Donostia"]
[Date "2013.10.26"]
[Round "4"]
[White "Guijarro Galan, Jose Luis"]
[Black "Segovia Sanchez, Antonio"]
[Result "1-0"]
[WhiteElo "2178"]
[BlackElo "2059"]

1.e4 c6 2.c4 d5 3.cxd5 cxd5 4.exd5 Qxd5 5.Nc3 Qa5 6.d4 e6 7.Nf3 Nf6 8.Be2 
Be7 9.O-O O-O 10.Bf4 Bd7 11.a3 Bc6 12.Ne5 Nd5 13.Bd2 Qb6 14.Nxd5 Bxd5 15.
Bc3 Rd8 16.Bd3 g6 17.Bc4 Nc6 18.Bxd5 Rxd5 19.Nc4 Qd8 20.Ne3 Rd7 21.Qf3 
Nxd4 22.Bxd4 Rxd4 23.Qxb7 Rb8 24.Qxa7 Rxb2 25.Rac1 Rd7 26.Qa6 Rb8 27.Rcd1 
Bd6 28.g3 Ra8 29.Qc6 Rc8 30.Qa4 Ra8 31.Qd4 Raa7 32.Ng4 e5 33.Qe3 Rxa3 34.
Rxd6 Rxe3 35.Rxd7 Qxd7 36.Nf6+ Kg7 37.Nxd7 Re2 38.Rd1 f6 39.Kf1 Ra2 40.Rd6
f5 41.Nxe5 Ra5 42.Nf3 Ra7 43.h4 Kh6 44.Ng5 Kh5 45.Kg2 h6 46.Nh3 g5 47.hxg5
hxg5 48.Rf6 Ra5 49.f3 Ra2+ 50.Nf2 g4 51.Rxf5+ 1-0

[Event "Gipuzkoa ch"]
[Site "Donostia"]
[Date "2013.10.26"]
[Round "4"]
[White "Perez Cela, David"]
[Black "Lakunza Oyarbide, Juan Carlos"]
[Result "0-1"]
[WhiteElo "2036"]
[BlackElo "2120"]

1.e4 e5 2.Bc4 Nc6 3.Nc3 Nf6 4.d3 Bc5 5.Nf3 a6 6.O-O d6 7.h3 Na5 8.Bg5 Nxc4
9.dxc4 h6 10.Bh4 g5 11.Bg3 Be6 12.Qd3 Nh5 13.Ne2 Qf6 14.b3 Qg6 15.Kh1 f5 
16.Nd2 f4 17.Bh2 g4 18.h4 Rg8 19.g3 f3 20.Nc3 Bd4 21.Rab1 Bxc3 22.Qxc3 Nf6
23.Rfe1 Bd7 24.b4 Bc6 25.Qd3 b6 26.c5 dxc5 27.bxc5 b5 28.Qc3 Nd7 29.a4 Qe6
30.axb5 Bxb5 31.Qa5 Qc6 32.Qa2 Ke7 33.c4 Ba4 34.Rb4 Nxc5 35.Qa3 Kf6 36.Qe3
Kg7 37.Nxf3 gxf3 38.g4 Kh7 39.Qxf3 Raf8 40.Qe2 Nxe4 41.f3 Nc5 42.Rxa4 Rxf3
43.Qg2 Rxg4 44.Ra2 Rxg2 45.Rxg2 Rf2 46.Rg1 Nd3 47.Bg3 Rxg2 48.Rxg2 Nf4 0-1

[Event "Gipuzkoa ch"]
[Site "Donostia"]
[Date "2013.10.26"]
[Round "4"]
[White "Cejudo Urdampilleta, Jose Manu"]
[Black "Alcaide Luque, Aitor"]
[Result "0-1"]
[WhiteElo "1922"]
[BlackElo "2164"]

1.d4 e6 2.Nf3 d5 3.c4 Nf6 4.Nc3 Be7 5.Bg5 O-O 6.e3 h6 7.Bh4 b6 8.cxd5 exd5
9.Rc1 Bb7 10.Bd3 c5 11.O-O Nbd7 12.Qa4 c4 13.Bb1 a6 14.Qc2 b5 15.Ne5 Re8 
16.Nxd7 Qxd7 17.Bxf6 Bxf6 18.Qh7+ Kf8 19.e4 g6 20.Qxh6+ Bg7 21.Qh4 dxe4 
22.Rcd1 Qe7 23.Qg3 Rad8 24.Rfe1 Rxd4 25.h4 Be5 26.Qe3 Rxd1 27.Rxd1 Qxh4 
28.g3 Qe7 29.Nd5 Bxd5 30.Rxd5 Bxb2 31.Qd2 Bg7 32.Rd7 e3 33.Rxe7 exd2 34.
Rd7 Re1+ 0-1

[Event "Gipuzkoa ch"]
[Site "Donostia"]
[Date "2013.10.26"]
[Round "4"]
[White "Sanchez Ruesga, Hector"]
[Black "Izagirre Alsua, Aritz"]
[Result "1-0"]
[WhiteElo "2074"]
[BlackElo "1925"]

1.d4 c5 2.d5 g6 3.Nf3 Nf6 4.g3 Bg7 5.Bg2 d6 6.c4 b5 7.cxb5 Qa5+ 8.Nfd2 
Qxb5 9.Nc3 Qb6 10.Nc4 Qd8 11.O-O O-O 12.Qa4 a5 13.Bd2 Bd7 14.Qa3 Ng4 15.h3
Ne5 16.Ne3 f5 17.f4 Nf7 18.Nc4 a4 19.Rac1 Ra6 20.b3 axb3 21.Qxb3 Bc8 22.
Qxb8 Bxc3 23.Bxc3 Rxa2 24.Bb2 Qd7 25.Qb3 Ra7 26.Qc3 1-0

[Event "Gipuzkoa ch"]
[Site "Donostia"]
[Date "2013.10.26"]
[Round "4"]
[White "Galarza Cenzano, Inigo"]
[Black "Galarraga Lasa, Jon Gurutz"]
[Result "1/2-1/2"]
[WhiteElo "2034"]
[BlackElo "1914"]

1.e4 c6 2.d4 d5 3.exd5 cxd5 4.Bd3 Nf6 5.c3 Nc6 6.Bf4 Bg4 7.Qb3 Qd7 8.Nd2 
e6 9.Ngf3 Bf5 10.Bxf5 exf5 11.O-O Be7 12.Ne5 Nxe5 13.dxe5 Nh5 14.Be3 f4 
15.Bd4 O-O 16.Qd1 g6 17.Qf3 f6 18.exf6 Nxf6 19.Rad1 Qf5 20.Rfe1 Bd6 21.
Bxf6 Rxf6 22.Nb3 g5 23.Qxd5+ Qxd5 24.Rxd5 Rg6 25.Nd4 Bf8 26.h3 h6 27.Rd7 
Rb6 28.b3 Rc8 29.c4 Rd6 30.Rxd6 Bxd6 31.Re6 Bf8 32.Nf5 Kf7 33.Re5 Rd8 34.
Rd5 Rxd5 35.cxd5 Kf6 36.Nd4 1/2-1/2